Statistics for Pokémon Trivia - Ground Type

Click here to take the quiz!

General Stats

  • This quiz has been taken 7 times
  • The average score is 5 of 10

Answer Stats

QuestionAnswer% Correct
What is Ground type weak to?Ice, Water, Grass
83%
Which types are Ground type super effective against?Rock, Steel, Fire, Poison, Electric
83%
Which item powers up Ground type Pokémon?Soft Sand
83%
Flying type is immune to Ground type except in certain circumstances. Which of these is NOT one of them?Foe under Telekinesis
33%
Which Pokémon generation introduced the least amount of Ground types?Gen 6
33%
What is the strongest Ground type move with a set base power? (Non Z-Move)Precipice Blades
33%
What type is Ground most commonly paired with?Rock and Water
33%
Which of the following is true about the Ground type?There are no Ground type specialists in Generation 2 or its' remakes
33%
Arena Trap is an ability that is exclusive to Ground types, the Diglett line and Trapinch. What does it do?It prevents all non-ghost grounded foes from switching out
17%
Which of these is NOT the name of a badge earned from defeating a Ground type Gym Leader or Island Kahuna?Tremor Badge
17%

Score Distribution

Percentile by Number Answered

Percent of People with Each Score

Your Score History

You have not taken this quiz